=LDR 00000nam 2200000 4500 =001 INLIS000000000040125 =005 20130612145716 =008 ***********************************Ind** =035 ##$$a0010-061300000040125 =041 ##$$a Ind =082 ##$$a 660.6 =090 ##$$a 660.6, Nas b.3 =100 ##$$a Nasir M =245 ##$$a Bioteknologi, Potensi dan keberhasilan dalam bidang pertanian, M.Nasir =260 ##$$a Raja grafindo persada $b Jakarta =300 ##$$a 286 hlm, 20 cm =850 ##$$a NBPNMAT =990 ##$$a 21400613/BPAP-NTB/20142014